000 00396nam a22001577a 4500
003 OSt
005 20211103085539.0
008 211103b |||||||| |||| 00| 0 eng d
020 _a0194512266
040 _cHU
082 _a371.30281SMI 1990
100 _a Smith, Mike,
_d1945 June 7-; Smith, Glenda
_916674
245 _a A study skills handbook
300 _a229P
942 _2ddc
_cBOOKS
_n0
999 _c16372
_d16372